Score 0/30 Timer 08:00
0 Plays Today
Capital % Correct
E Y E J A K A R T A I W A N T E D J E C S O NJakarta
85.1%
A C B R U S S E L S I L Z E B E A H T I W L RBrussels
76.4%
A Y G R E C A S K A B U L A P E F Y A C K E BKabul
75.6%
N A T H E N S P R C L R E I E C R Y M L K A L Athens
73.1%
J Z K Y I V Z O O M D X E H T O T C H I F P J Kyiv
58.3%
V T Y P M C I R B E R N V O A U N U R W D Q EBern
56.8%
K L O N D O N S Z I U G X I M I P O C I U T ALondon
56.6%
O B T U S E E L R E K C W A S R A W F D O D RWarsaw
55.6%
J W E D S A C O B A P C Q U E K O K G N A B QBangkok
50.4%
D G B U B E N F U E E I H K I N G S T O N Z GKingston
49.9%
D A C R N E T D W O C S O M N D U O C A W F RMoscow
48.9%
L U G E H C V E S U K S N I M H C A I N R M AMinsk
48.3%
K U Z N R Q G U D A R N R N O S L O T H E C ROslo
43.3%
E L T H E A R A K N A H S W A H S T O R E G ZAnkara
41.8%
N I L V D R Y W O W U J D A D H G A B A T H PBaghdad
38.8%
Capital % Correct
A B C D A C E L N U P M U J N I L B U D C B ADublin
38.2%
Z P X L J O S K O P J E W W W D O T S P R C LSkopje
37.3%
I O C T P E U I W F A V A L S I T A R B V X B Bratislava
37%
P U V U A S S I B U G H A R E S F T O C F E DBissau
32.5%
V L I N D A L I N A M A R T Y U J E W C I F NManila
31.7%
S D K T I M E X N V E M S T A L L U O E S T KSeoul
30.9%
T R V A D U Z Z N A O L C D Q U E Y V N Q F UVaduz
30.7%
M B A R G A Z C Y A L X F R E K I B O R I A NNairobi
30%
P Y O R A C E I S V K Y E R E V A N I A K H AYerevan
29.6%
I P E C V R U A T I C T F A Y N F E L A M B AMale
29.2%
Q C O Q I G O G A I T N A S E U Q T K R O L ASantiago
29.1%
Q U I O N A H N G U Z E V T E C H N Q L T A UHanoi
28.1%
O R I A C E D I H S T A R R U R E H C K A Y ECairo
25.9%
W Y A N T I O Z A P A L S G U T G I C H R Y GLa Paz
25.6%
B I T U F A N U F O V X R O Y G I K O Y U W P Funafuti
18.2%
Remove Ads.
Support Sporcle.
Get the best of Sporcle when you Go Orange. This ad-free experience offers more features, more stats, and more fun while also helping to support Sporcle. Thank you for becoming a member.

You're not logged in!

Compare scores with friends on all Sporcle quizzes.
OR
Log In

Sporcle TV

Today on Sporcle TV


Watch our educational content, quiz creation guides, and fun videos on Sporcle TV.

Show Comments

Extras

Top Quizzes Today


Score Distribution

Paid Content

Your Account Isn't Verified!

In order to create a playlist on Sporcle, you need to verify the email address you used during registration. Go to your Sporcle Settings to finish the process.

Report this User

Report this user for behavior that violates our Community Guidelines.

Details: